Discovering : Slugs And Snails

Bibliographic Details
Main Author: Coldrey, Jennifer
Format: Book
Published: England : Wayland(Publishers)limited , 1987
Subjects:

MARC

LEADER 00000cam a2200000 7i4500
001 0000055149
005 20151116.0
008 151116
020 |a 085078817x 
090 0 0 |a 594.3   |b COL 
100 1 |a Coldrey, Jennifer 
245 1 0 |a Discovering :   |b Slugs And Snails   |c Jennifer Coldrey 
260 |a England :   |b Wayland(Publishers)limited ,   |c 1987 
300 |a 47pg 
500 |a Includes Index & Glossary 
650 0 |a Slugs(molluscs)   |x Juvenile Litreature 
650 0 |a Snails   |x Juvenile litreature 
999 |a 0000776618   |b Book   |c Adult Collection   |e Cawangan Pontian 
999 |a 0000794277   |b Book   |c Adult Collection   |e Cawangan Segamat 
999 |a 0000819066   |b Book   |c Adult Collection   |e Cawangan Segamat 
999 |a 0000819067   |b Book   |c Adult Collection   |e Cawangan Segamat